00993 2200313 4500035002000000001002100020005001700041006001900058007000300077008004100080856005800121020001600179040002000195082001700215084001500232090002000247100003000267245008500297260005000382300002900432650001500461659000900476850001300485900003000498902010600528990001800634999001300652999001400665 a0010-0122004853INLISM0000000016129320041013160100.0a 000 0 ta061226s1998 jki 000 0 ind  y http://opac.perpusnas.go.id/DetailOpac.aspx?id=83670 a 9796551926 a JKPNPNA b ind042 [20]a 658  a 658 BON k a CB-D.9 98-16230 a Bondan Winarno, d 1950-10a Kiat Bondan di Kontan : b berpikir strategis disaat krisis / c Bondan Winarno a Jakarta : b Gramedia Pustaka Utama, c 1998 a x, 367 hlm. ; c 20 cm. 4a Manajemen a DNR a JKPNPNA a 00605nbm**2200012*a*4500 a 760000017:20-MAR-09*131790877:25-APR-11*131790877:01-JUN-11*131790877:01-JUN-11*131790877:01-JUN-11* a 4528/PN/2000 a 93-1623 a VIRTUA00